Normal view
MARC view
- الصمادي، عيسى لافي حسن
Entry Personal Name
001 - CONTROL NUMBER
- control field: 57805
003 - CONTROL NUMBER IDENTIFIER
- control field: JO-AjAnu
005 - DATE AND TIME OF LATEST TRANSACTION
- control field: 20230606083449.0
008 - FIXED-LENGTH DATA ELEMENTS
- fixed length control field: 230606|| aca||aabn | a|a d
040 ## - CATALOGING SOURCE
- Original cataloging agency: JO-AjAnu
- Transcribing agency: JO-AjAnu
100 ## - HEADING--PERSONAL NAME
- Personal name: الصمادي، عيسى لافي حسن
670 ## - SOURCE DATA FOUND
- Source citation: Work cat.: (JO-AjAnu)29493: الصمادي، عيسى لافي حسن , author, عقد نقل التكنولوجيا الالكتروني عبر الانترنت